000 00728nam a2200241Ia 4500
003 OSt
005 20230121094408.0
008 210423s1990 xx 000 0 und d
040 _cAL
041 _aeng
082 _a305.5122
_223
_bVIDH
100 _aL P Vidyarthi
_969564
110 _aN Mishra
_969565
245 _aHarijan today:sociological economic political religious and culuural analysis
260 _aNew Delhi
_bClassical Publication
_c1977
300 _aviii,223p.
_bHB
_c22x14cm
650 _aSocial Classes
_969566
650 _aSchedule Caste of the Tribal Zone
_969567
650 _2Scheduled Castes of Magahi Zone
700 _aVIDYARTHI (L P)
_969568
700 _dMISHRA (N)
_969569
942 _2ddc
_cDB
999 _c226397
_d226397